<?xml version="1.0" encoding="UTF-8"?>
<record
    xmlns:xsi="http://www.w3.org/2001/XMLSchema-instance"
    xsi:schemaLocation="http://www.loc.gov/MARC21/slim http://www.loc.gov/standards/marcxml/schema/MARC21slim.xsd"
    xmlns="http://www.loc.gov/MARC21/slim">

  <leader>00497nam a22001697a 4500</leader>
  <controlfield tag="003">NUST</controlfield>
  <datafield tag="038" ind1=" " ind2=" ">
    <subfield code="a">Mr. Zahoor</subfield>
  </datafield>
  <datafield tag="082" ind1=" " ind2=" ">
    <subfield code="a">510</subfield>
  </datafield>
  <datafield tag="100" ind1=" " ind2=" ">
    <subfield code="a">Ali, Irfan</subfield>
    <subfield code="9">4917</subfield>
  </datafield>
  <datafield tag="245" ind1=" " ind2=" ">
    <subfield code="a">Bifurcation Analysis and Chaos Control in Discrete-Time Non-Linear Dynamical Systems </subfield>
    <subfield code="c">Irfan Ali</subfield>
  </datafield>
  <datafield tag="260" ind1=" " ind2=" ">
    <subfield code="a">Islamabad :</subfield>
    <subfield code="b">SNS - NUST,</subfield>
    <subfield code="c">2018.</subfield>
  </datafield>
  <datafield tag="300" ind1=" " ind2=" ">
    <subfield code="a">viii, 72 p. : ill. ;</subfield>
    <subfield code="c">30 cm.</subfield>
  </datafield>
  <datafield tag="500" ind1=" " ind2=" ">
    <subfield code="a">Hardcover.</subfield>
  </datafield>
  <datafield tag="650" ind1=" " ind2=" ">
    <subfield code="a">Mathematics - MS Thesis</subfield>
    <subfield code="9">16139</subfield>
  </datafield>
  <datafield tag="700" ind1=" " ind2=" ">
    <subfield code="a">Dr. Umer Saeed</subfield>
    <subfield code="9">16161</subfield>
  </datafield>
  <datafield tag="942" ind1=" " ind2=" ">
    <subfield code="2">ddc</subfield>
    <subfield code="c">THE</subfield>
  </datafield>
  <datafield tag="999" ind1=" " ind2=" ">
    <subfield code="c">525337</subfield>
    <subfield code="d">525337</subfield>
  </datafield>
  <datafield tag="952" ind1=" " ind2=" ">
    <subfield code="0">0</subfield>
    <subfield code="1">0</subfield>
    <subfield code="2">ddc</subfield>
    <subfield code="4">0</subfield>
    <subfield code="7">0</subfield>
    <subfield code="a">CL</subfield>
    <subfield code="b">CL</subfield>
    <subfield code="c">THE</subfield>
    <subfield code="d">2019-07-01</subfield>
    <subfield code="l">0</subfield>
    <subfield code="o">510</subfield>
    <subfield code="p">CL-T-1890</subfield>
    <subfield code="r">2019-07-03</subfield>
    <subfield code="w">2019-07-01</subfield>
    <subfield code="y">THE</subfield>
  </datafield>
</record>
